Grandes villes françaises par vues aériennes n°2 - Statistiques

Statistiques générales
  • Ce quiz a été pris 82 fois
  • Le résultat moyen est 4 sur 10
Statistiques - réponses
Par images Réponse % Correct
Versailles
87%
Annecy
82%
Besançon
43%
Toulon
43%
Dunkerque
32%
Montpellier
27%
Cayenne
26%
Cherbourg
19%
Troyes
14%
Le Mans
6%
Aucun quiz correspondant
Distribution des résultats
% des personnes avec chaque résultat
Percentile par nombre de réponses
Votre historique - résultats
Vous n’avez pas pris ce quiz